Statistics for Synonyms of Harry Potter people

Click here to take the quiz!

General Stats

  • This quiz has been taken 15 times
  • The average score is 8 of 15

Answer Stats

SynonymCharacter% Correct
Hanky PankyHarry Potter
100%
Serious backSirius black
92%
Ronald mcdonaldRon Weasley
75%
Several snakesSnape
75%
His pantsHermione
67%
Loony tunesLuna lovegood
67%
Choo trainCho Chang
58%
I don’t like himDumbledore
50%
GoldilocksVoldemort
42%
Best characterFred Weasley
33%
Fat assDudley
25%
Nasty fishFilch
17%
WestltonGinny Weasley
17%
Lovely locksLucius Malfoy
17%
That’s kinky 2.0Moaning Mrytle
17%

Score Distribution

Percentile by Number Answered

Percent of People with Each Score

Your Score History

You have not taken this quiz